[Event "XIII Closed IM BCC 2021"]
[Site "Barcelona"]
[Date "2021.04.05"]
[Round "1.1"]
[White "Martin Barcelo, Carles"]
[Black "Rodriguez Garcia, Yuliesky"]
[Result "1-0"]
[WhiteElo "2201"]
[BlackElo "2175"]
[Annotator "ChessBase"]
[PlyCount "67"]
[EventDate "2021.04.05"]
[EventType "tourn"]
[EventCountry "ESP"]
[SourceTitle "playchess.com"]
[Source "ChessBase"]
[SourceQuality "1"]
[TimeControl "5400+30"]

1. e4 {[%emt 0:00:00]} c5 {[%emt 0:01:43]} 2. Nf3 {[%emt 0:00:00]} d6 {[%emt 0:01:12]} 3. Bb5+ {[%emt 0:00:10]} Bd7 {[%emt 0:00:04]} 4. Bxd7+ {[%emt 0:00:20]} Qxd7 {[%emt 0:00:33]} 5. c4 {[%emt 0:00:29]} e5 {[%emt 0:06:13]} 6. Nc3 {[%emt 0:01:57]} Nc6 {[%emt 0:03:43]} 7. d3 {[%emt 0:02:33]} h6 {[%emt 0:03:40]} 8. O-O {[%emt 0:00:43]} g5 {[%emt 0:03:30]} 9. a3 {[%emt 0:03:57]} Bg7 {[%emt 0:09:48]} 10. Rb1 {[%emt 0:05:28]} Nge7 {[%emt 0:05:21]} 11. b4 {[%emt 0:01:26]} cxb4 {[%emt 0:12:37]} 12. axb4 {[%emt 0:00:05]} O-O {[%emt 0:00:05]} 13. Ne1 {[%emt 0:09:05]} f5 {[%emt 0:06:52]} 14. exf5 {[%emt 0:00:47]} Qxf5 {[%emt 0:00:34]} 15. Nc2 {[%emt 0:02:02]} Nd4 {[%emt 0:03:22]} 16. Ne3 {[%emt 0:08:29]} Qf7 {[%emt 0:01:51]} 17. Ned5 {[%emt 0:01:59]} Nef5 {[%emt 0:02:46]} 18. Be3 {[%emt 0:14:57]} Nh4 {[%emt 0:04:45]} 19. Bxd4 {[%emt 0:04:37]} exd4 {[%emt 0:00:09]} 20. Ne4 {[%emt 0:00:26]} Be5 {[%emt 0:00:48]} 21. b5 {[%emt 0:01:56]} b6 {[%emt 0:02:00]} 22. Ra1 {[%emt 0:00:59]} Qg7 {[%emt 0:02:15]} 23. Qg4 {[%emt 0:05:21]} Nf5 {[%emt 0:09:25]} 24. Ra6 {[%emt 0:01:41]} Rae8 {[%emt 0:03:07]} 25. Rfa1 {[%emt 0:01:43]} Rf7 {[%emt 0:00:08]} 26. R1a4 {[%emt 0:05:54]} Re6 {[%emt 0:00:51]} 27. Qd1 {[%emt 0:06:24]} g4 {[%emt 0:06:17]} 28. g3 {[%emt 0:05:20]} Nh4 {[%emt 0:02:52]} 29. gxh4 {[%emt 0:07:07]} Bxh2+ {[%emt 0:00:19]} 30. Kxh2 {[%emt 0:00:53]} Rxe4 {[%emt 0:00:08]} 31. dxe4 {[%emt 0:00:28]} Rxf2+ {[%emt 0:04:59]} 32. Kg1 {[%emt 0:00:37]} Rf3 {[%emt 0:01:20]} 33. Rxa7 {[%emt 0:02:36]} Qe5 {[%emt 0:00:11]} 34. Ne7+ {[%emt 0:00:41]} 1-0

[Event "XIII Closed IM BCC 2021"]
[Site "Barcelona"]
[Date "2021.04.05"]
[Round "1.2"]
[White "Martinez Fernandez, Adrian"]
[Black "Munoz, Miguel"]
[Result "1/2-1/2"]
[WhiteElo "2369"]
[BlackElo "2462"]
[Annotator "ChessBase"]
[PlyCount "90"]
[EventDate "2021.04.05"]
[EventType "tourn"]
[EventCountry "ESP"]
[SourceTitle "playchess.com"]
[Source "ChessBase"]
[SourceQuality "1"]
[TimeControl "5400+30"]

1. c4 {[%emt 0:00:00]} c5 {[%emt 0:09:11]} 2. Nc3 {[%emt 0:00:00]} Nc6 {[%emt 0:00:11]} 3. g3 {[%emt 0:00:00]} g6 {[%emt 0:00:20]} 4. Bg2 {[%emt 0:00:01]} Bg7 {[%emt 0:00:08]} 5. e3 {[%emt 0:00:19]} d6 {[%emt 0:00:15]} 6. Nge2 {[%emt 0:00:15]} Nf6 {[%emt 0:00:22]} 7. O-O {[%emt 0:01:01]} O-O {[%emt 0:00:10]} 8. b3 {[%emt 0:07:47]} Bf5 {[%emt 0:01:42]} 9. d3 {[%emt 0:02:38]} Qd7 {[%emt 0:00:56]} 10. Bb2 {[%emt 0:00:15]} Bh3 {[%emt 0:00:29]} 11. Nf4 {[%emt 0:04:53]} Bxg2 {[%emt 0:00:25]} 12. Kxg2 {[%emt 0:00:06]} e5 {[%emt 0:02:57]} 13. Nfd5 {[%emt 0:00:26]} Nxd5 {[%emt 0:00:15]} 14. Nxd5 {[%emt 0:03:15]} f5 {[%emt 0:16:53]} 15. Qd2 {[%emt 0:02:23]} Rae8 {[%emt 0:06:15]} 16. Rae1 {[%emt 0:10:49]} Ne7 {[%emt 0:06:50]} 17. Nxe7+ {[%emt 0:05:54]} Rxe7 {[%emt 0:02:10]} 18. e4 {[%emt 0:07:04]} f4 {[%emt 0:01:03]} 19. f3 {[%emt 0:00:06]} h5 {[%emt 0:01:26]} 20. Qe2 {[%emt 0:05:22]} Bh6 {[%emt 0:01:15]} 21. Bc3 {[%emt 0:08:45]} Ref7 {[%emt 0:02:23]} 22. b4 {[%emt 0:03:19]} b6 {[%emt 0:00:21]} 23. Bd2 {[%emt 0:11:10]} Kh7 {[%emt 0:00:57]} 24. Rf2 {[%emt 0:06:09]} Qa4 {[%emt 0:08:00]} 25. b5 {[%emt 0:01:44]} a6 {[%emt 0:12:06]} 26. bxa6 {[%emt 0:01:03]} Ra7 {[%emt 0:05:39]} 27. gxf4 {[%emt 0:03:27]} Bxf4 {[%emt 0:00:57]} 28. Bxf4 {[%emt 0:00:03]} Rxf4 {[%emt 0:00:11]} 29. Kh1 {[%emt 0:00:02]} Qxa6 {[%emt 0:00:47]} 30. Rg1 {[%emt 0:00:06]} Raf7 {[%emt 0:00:36]} 31. Rfg2 {[%emt 0:12:28]} Rg7 {[%emt 0:03:24]} 32. Rg3 {[%emt 0:02:51]} Qa7 {[%emt 0:08:01]} 33. Qb2 {[%emt 0:00:12]} Qc7 {[%emt 0:07:40]} 34. Qb5 {[%emt 0:01:25]} Qd8 {[%emt 0:00:45]} 35. Qc6 {[%emt 0:00:40]} Qf6 {[%emt 0:00:29]} 36. Qxb6 {[%emt 0:00:44]} h4 {[%emt 0:00:29]} 37. Rg5 {[%emt 0:01:07]} Rxf3 {[%emt 0:00:23]} 38. Qb1 {[%emt 0:00:33]} Rf2 {[%emt 0:00:55]} 39. Qd1 {[%emt 0:00:01]} Qf4 {[%emt 0:00:41]} 40. R5g2 {[%emt 0:00:01]} Qf3 {[%emt 0:01:26]} 41. Qe1 {[%emt 0:01:18]} Rxg2 {[%emt 0:00:33]} 42. Qxh4+ {[%emt 0:00:28]} Kg8 {[%emt 0:00:00]} 43. Qd8+ {[%emt 0:00:28]} Kh7 {[%emt 0:00:15]} 44. Qh4+ {[%emt 0:00:11]} Kg8 {[%emt 0:00:26]} 45. Qd8+ {[%emt 0:00:21]} Kh7 {[%emt 0:00:07]} 1/2-1/2

[Event "XIII Closed IM BCC 2021"]
[Site "Barcelona"]
[Date "2021.04.05"]
[Round "1.3"]
[White "Benedetti, Julio"]
[Black "Droin, Augustin"]
[Result "0-1"]
[WhiteElo "2282"]
[BlackElo "2292"]
[Annotator "ChessBase"]
[PlyCount "84"]
[EventDate "2021.04.05"]
[EventType "tourn"]
[EventCountry "ESP"]
[SourceTitle "playchess.com"]
[Source "ChessBase"]
[SourceQuality "1"]
[TimeControl "5400+30"]

1. e4 {[%emt 0:00:00]} c6 {[%emt 0:00:00]} 2. d4 {[%emt 0:00:11]} d5 {[%emt 0:00:00]} 3. e5 {[%emt 0:00:11]} Bf5 {[%emt 0:00:00]} 4. Nf3 {[%emt 0:00:11]} e6 {[%emt 0:00:00]} 5. Be2 {[%emt 0:00:16]} c5 {[%emt 0:00:01]} 6. c4 {[%emt 0:10:48]} dxc4 {[%emt 0:06:25]} 7. Nc3 {[%emt 0:04:48]} Nc6 {[%emt 0:12:35]} 8. Be3 {[%emt 0:09:00]} cxd4 {[%emt 0:12:58]} 9. Nxd4 {[%emt 0:00:10]} Nxd4 {[%emt 0:00:26]} 10. Bxd4 {[%emt 0:00:18]} Ne7 {[%emt 0:00:15]} 11. Bf3 {[%emt 0:23:25]} Qd7 {[%emt 0:02:21]} 12. Bc5 {[%emt 0:12:24]} Bd3 {[%emt 0:08:03]} 13. Ne4 {[%emt 0:09:01]} Nc6 {[%emt 0:13:02]} 14. Bd6 {[%emt 0:06:19]} Bxe4 {[%emt 0:06:38]} 15. Bxe4 {[%emt 0:00:07]} Bxd6 {[%emt 0:00:31]} 16. exd6 {[%emt 0:00:07]} Rd8 {[%emt 0:04:57]} 17. O-O {[%emt 0:00:22]} Qxd6 {[%emt 0:00:23]} 18. Qc2 {[%emt 0:00:12]} Qc5 {[%emt 0:04:07]} 19. Rfd1 {[%emt 0:03:18]} Nd4 {[%emt 0:01:30]} 20. Qa4+ {[%emt 0:03:56]} b5 {[%emt 0:00:15]} 21. Qa5 {[%emt 0:00:07]} O-O {[%emt 0:00:39]} 22. a4 {[%emt 0:03:35]} Qe7 {[%emt 0:07:01]} 23. Rab1 {[%emt 0:07:38]} Nb3 {[%emt 0:02:20]} 24. Qxb5 {[%emt 0:00:48]} Nd2 {[%emt 0:00:07]} 25. Rxd2 {[%emt 0:01:47]} Rxd2 {[%emt 0:00:05]} 26. Qxc4 {[%emt 0:01:00]} Qf6 {[%emt 0:00:46]} 27. Bf3 {[%emt 0:00:19]} Qd4 {[%emt 0:00:26]} 28. Qxd4 {[%emt 0:02:00]} Rxd4 {[%emt 0:00:05]} 29. b3 {[%emt 0:00:46]} g6 {[%emt 0:00:24]} 30. Rc1 {[%emt 0:00:34]} Rd3 {[%emt 0:01:32]} 31. Rb1 {[%emt 0:01:00]} Rb8 {[%emt 0:00:24]} 32. Bd1 {[%emt 0:00:04]} a5 {[%emt 0:01:51]} 33. Kf1 {[%emt 0:00:05]} Rc8 {[%emt 0:00:34]} 34. Ke2 {[%emt 0:00:27]} Rd4 {[%emt 0:00:01]} 35. Ke3 {[%emt 0:01:40]} e5 {[%emt 0:00:05]} 36. Bf3 {[%emt 0:00:25]} Rc3+ {[%emt 0:00:08]} 37. Ke2 {[%emt 0:00:07]} e4 {[%emt 0:00:07]} 38. Bg4 {[%emt 0:00:18]} f5 {[%emt 0:00:05]} 39. Bh3 {[%emt 0:00:21]} Kf7 {[%emt 0:00:28]} 40. g3 {[%emt 0:00:19]} Rb4 {[%emt 0:00:31]} 41. Rd1 {[%emt 0:00:04]} Rc2+ {[%emt 0:01:10]} 42. Ke3 {[%emt 0:00:37]} Kf6 {[%emt 0:00:06]} 0-1

[Event "XIII Closed IM BCC 2021"]
[Site "Barcelona"]
[Date "2021.04.05"]
[Round "1.4"]
[White "Boyer, Mahel"]
[Black "Asis Gargatagli, Hipolito"]
[Result "0-1"]
[WhiteElo "2333"]
[BlackElo "2454"]
[Annotator "ChessBase"]
[PlyCount "63"]
[EventDate "2021.04.05"]
[EventType "tourn"]
[EventCountry "ESP"]
[SourceTitle "playchess.com"]
[Source "ChessBase"]
[SourceQuality "1"]
[TimeControl "5400+30"]

1. e4 e5 2. Nf3 Nc6 3. Bb5 a6 4. Ba4 Nf6 5. Nc3 Bd6 6. O-O O-O 7. Bxc6 dxc6 8. d4 exd4 9. Qxd4 Ng4 10. Rd1 Qe7 11. Be3 f5 12. h3 f4 13. hxg4 fxe3 14. Qxe3 Bxg4 15. Ne2 Kh8 16. Ng3 Rae8 17. Rd3 Bf4 18. Qe1 Bxg3 19. fxg3 Qxe4 20. Qxe4 Rxe4 21. Rad1 Ree8 22. Kf2 Bf5 23. Rc3 g5 24. Kg1 h6 25. Rd2 g4 26. Nd4 Re1+ 27. Kf2 Bd3+ 28. Nf3 Rf1+ 29. Ke3 gxf3 30. Rcxd3 f2 31. Rd8 Re1+ 32. Kd4 0-1

[Event "XIII Closed IM BCC 2021"]
[Site "Barcelona"]
[Date "2021.04.05"]
[Round "1.5"]
[White "Ruperez, Miguel"]
[Black "Martin Gonzalez, Angel"]
[Result "1-0"]
[WhiteElo "2121"]
[BlackElo "2291"]
[Annotator "ChessBase"]
[PlyCount "69"]
[EventDate "2021.04.05"]
[EventType "tourn"]
[EventCountry "ESP"]
[SourceTitle "playchess.com"]
[Source "ChessBase"]
[SourceQuality "1"]
[TimeControl "5400+30"]

1. d4 {[%emt 0:00:00]} Nf6 {[%emt 0:00:00]} 2. c4 {[%emt 0:00:00]} c5 {[%emt 0:00:00]} 3. d5 {[%emt 0:00:00]} e6 {[%emt 0:00:32]} 4. Nc3 {[%emt 0:00:19]} exd5 {[%emt 0:00:14]} 5. cxd5 {[%emt 0:00:08]} d6 {[%emt 0:00:19]} 6. Nf3 {[%emt 0:00:13]} a6 {[%emt 0:00:47]} 7. a4 {[%emt 0:00:18]} g6 {[%emt 0:00:09]} 8. Nd2 {[%emt 0:00:16]} Nbd7 {[%emt 0:00:11]} 9. e4 {[%emt 0:01:24]} Bg7 {[%emt 0:00:26]} 10. Be2 {[%emt 0:01:44]} O-O {[%emt 0:00:11]} 11. O-O {[%emt 0:00:08]} Re8 {[%emt 0:00:24]} 12. f4 {[%emt 0:00:59]} c4 {[%emt 0:01:24]} 13. Kh1 {[%emt 0:01:20]} Nc5 {[%emt 0:02:41]} 14. e5 {[%emt 0:01:04]} dxe5 {[%emt 0:01:10]} 15. fxe5 {[%emt 0:00:21]} Rxe5 {[%emt 0:06:31]} 16. Nxc4 {[%emt 0:00:30]} Rf5 {[%emt 0:05:12]} 17. Bf3 {[%emt 0:03:20]} Ng4 {[%emt 0:23:21]} 18. Ne3 {[%emt 0:07:57]} Nxe3 {[%emt 0:02:21]} 19. Bxe3 {[%emt 0:00:27]} Nd7 {[%emt 0:12:00]} 20. d6 {[%emt 0:22:21]} Be5 {[%emt 0:14:07]} 21. g4 {[%emt 0:25:19]} Qh4 {[%emt 0:03:12]} 22. Bg1 {[%emt 0:13:38]} Rf4 {[%emt 0:06:59]} 23. Nd5 {[%emt 0:02:04]} Bxd6 {[%emt 0:04:10]} 24. Nxf4 {[%emt 0:01:26]} Bxf4 {[%emt 0:00:50]} 25. Qe1 {[%emt 0:01:46]} Qg5 {[%emt 0:07:12]} 26. Qe8+ {[%emt 0:04:58]} Kg7 {[%emt 0:04:15]} 27. Rad1 {[%emt 0:05:21]} Nf6 28. Bd4 {[%emt 0:00:29]} Rb8 {[%emt 0:04:18]} 29. Bxf6+ {[%emt 0:03:17]} Qxf6 {[%emt 0:00:01]} 30. Rd8 {[%emt 0:00:23]} Qh4 {[%emt 0:00:12]} 31. Qh8+ {[%emt 0:02:13]} Kh6 {[%emt 0:00:01]} 32. g5+ {[%emt 0:00:19]} Kxg5 {[%emt 0:00:15]} 33. Rg1+ {[%emt 0:00:29]} Kf5 {[%emt 0:00:29]} 34. Bg4+ {[%emt 0:01:07]} Qxg4 {[%emt 0:00:36]} 35. Rxg4 {[%emt 0:00:28]} 1-0

[Event "XIII Closed IM BCC 2021"]
[Site "Barcelona"]
[Date "2021.04.06"]
[Round "2.1"]
[White "Rodriguez Garcia, Yuliesky"]
[Black "Martin Gonzalez, Angel"]
[Result "1/2-1/2"]
[WhiteElo "2175"]
[BlackElo "2291"]
[Annotator "ChessBase"]
[PlyCount "69"]
[EventDate "2021.04.05"]
[EventType "tourn"]
[EventCountry "ESP"]
[SourceTitle "playchess.com"]
[Source "ChessBase"]
[SourceQuality "1"]
[TimeControl "5400+30"]

1. b3 {[%emt 0:00:04]} e5 {[%emt 0:00:00]} 2. Bb2 {[%emt 0:00:26]} Nc6 {[%emt 0:00:00]} 3. e3 {[%emt 0:00:26]} d5 {[%emt 0:00:00]} 4. Bb5 {[%emt 0:00:19]} Bd6 {[%emt 0:00:03]} 5. Nf3 {[%emt 0:09:33]} f6 {[%emt 0:05:53]} 6. a3 {[%emt 0:05:27]} Bg4 {[%emt 0:06:32]} 7. h3 {[%emt 0:00:38]} Bh5 {[%emt 0:00:42]} 8. g4 {[%emt 0:00:15]} Bf7 {[%emt 0:00:17]} 9. d4 {[%emt 0:04:03]} e4 {[%emt 0:04:07]} 10. Nfd2 {[%emt 0:01:07]} a6 {[%emt 0:00:25]} 11. Be2 {[%emt 0:04:39]} Nce7 {[%emt 0:02:40]} 12. c4 {[%emt 0:00:21]} c6 {[%emt 0:00:08]} 13. Nc3 {[%emt 0:07:48]} f5 {[%emt 0:00:41]} 14. Qc2 {[%emt 0:08:00]} f4 {[%emt 0:07:38]} 15. O-O-O {[%emt 0:06:52]} Ng6 {[%emt 0:10:45]} 16. Ncxe4 {[%emt 0:05:03]} dxe4 {[%emt 0:00:30]} 17. d5 {[%emt 0:00:13]} cxd5 {[%emt 0:07:09]} 18. Bxg7 {[%emt 0:17:17]} f3 {[%emt 0:12:06]} 19. Nxf3 {[%emt 0:17:13]} exf3 {[%emt 0:00:56]} 20. Bxf3 {[%emt 0:00:02]} Bxa3+ {[%emt 0:01:42]} 21. Kb1 {[%emt 0:00:09]} N8e7 {[%emt 0:00:18]} 22. Bxh8 {[%emt 0:04:41]} Nxh8 {[%emt 0:00:14]} 23. Qc3 {[%emt 0:00:09]} Qb6 {[%emt 0:19:07]} 24. Qxh8+ {[%emt 0:02:53]} Ng8 {[%emt 0:00:26]} 25. Qe5+ {[%emt 0:01:42]} Kf8 {[%emt 0:00:11]} 26. Bxd5 {[%emt 0:02:07]} Qxb3+ {[%emt 0:00:19]} 27. Ka1 {[%emt 0:00:04]} Bb4 {[%emt 0:03:35]} 28. Rc1 {[%emt 0:00:27]} Be7 {[%emt 0:00:01]} 29. g5 {[%emt 0:01:16]} Ba3 {[%emt 0:04:01]} 30. Bxf7 {[%emt 0:00:43]} Bxc1 {[%emt 0:00:30]} 31. Bxg8 {[%emt 0:00:39]} Bd2 {[%emt 0:10:48]} 32. Qf6+ {[%emt 0:00:15]} Kxg8 {[%emt 0:00:10]} 33. Qe6+ {[%emt 0:00:01]} Kf8 {[%emt 0:00:15]} 34. Qf6+ {[%emt 0:00:20]} Kg8 {[%emt 0:00:13]} 35. Qe6+ {[%emt 0:00:05]} 1/2-1/2

[Event "XIII Closed IM BCC 2021"]
[Site "Barcelona"]
[Date "2021.04.06"]
[Round "2.2"]
[White "Asis Gargatagli, Hipolito"]
[Black "Ruperez, Miguel"]
[Result "1-0"]
[WhiteElo "2454"]
[BlackElo "2121"]
[Annotator "ChessBase"]
[PlyCount "43"]
[EventDate "2021.04.05"]
[EventType "tourn"]
[EventCountry "ESP"]
[SourceTitle "playchess.com"]
[Source "ChessBase"]
[SourceQuality "1"]
[TimeControl "5400+30"]

1. e4 {[%emt 0:00:00]} c5 {[%emt 0:00:00]} 2. Nf3 {[%emt 0:00:00]} d6 {[%emt 0:00:31]} 3. d4 {[%emt 0:00:18]} cxd4 {[%emt 0:00:15]} 4. Nxd4 {[%emt 0:00:05]} Nf6 {[%emt 0:00:51]} 5. Nc3 {[%emt 0:00:05]} Nc6 {[%emt 0:01:05]} 6. Bg5 {[%emt 0:01:27]} e6 {[%emt 0:00:16]} 7. Bb5 {[%emt 0:00:59]} Bd7 {[%emt 0:01:43]} 8. Qd3 {[%emt 0:00:20]} h6 {[%emt 0:03:52]} 9. Bh4 {[%emt 0:01:57]} Qb6 {[%emt 0:06:28]} 10. O-O-O {[%emt 0:10:38]} a6 {[%emt 0:13:18]} 11. Bxc6 {[%emt 0:08:59]} bxc6 {[%emt 0:04:01]} 12. Nb3 {[%emt 0:02:26]} e5 {[%emt 0:09:02]} 13. f4 {[%emt 0:17:18]} Be6 {[%emt 0:09:39]} 14. Bxf6 {[%emt 0:17:25]} gxf6 {[%emt 0:01:19]} 15. f5 {[%emt 0:00:06]} Bc8 {[%emt 0:05:51]} 16. Nd2 {[%emt 0:01:13]} Rb8 {[%emt 0:18:08]} 17. Nc4 {[%emt 0:01:03]} Qb4 {[%emt 0:05:04]} 18. a3 {[%emt 0:05:38]} Qb7 {[%emt 0:00:13]} 19. b3 {[%emt 0:10:13]} d5 {[%emt 0:01:50]} 20. exd5 {[%emt 0:00:16]} cxd5 {[%emt 0:10:37]} 21. Nxd5 {[%emt 0:01:30]} Be7 {[%emt 0:00:28]} 22. Nd6+ {[%emt 0:01:13]} 1-0

[Event "XIII Closed IM BCC 2021"]
[Site "Barcelona"]
[Date "2021.04.06"]
[Round "2.4"]
[White "Munoz, Miguel"]
[Black "Benedetti, Julio"]
[Result "1-0"]
[WhiteElo "2462"]
[BlackElo "2282"]
[Annotator "ChessBase"]
[PlyCount "81"]
[EventDate "2021.04.05"]
[EventType "tourn"]
[EventCountry "ESP"]
[SourceTitle "playchess.com"]
[Source "ChessBase"]
[SourceQuality "1"]
[TimeControl "5400+30"]

1. e4 g6 2. g3 Bg7 3. Bg2 c6 4. c4 d6 5. Ne2 Be6 6. d3 h5 7. h3 Qc8 8. Nbc3 Na6 9. Be3 Nc7 10. Rc1 Nf6 11. b3 Bd7 12. d4 O-O 13. Qd2 Re8 14. f4 Rb8 15. e5 Nh7 16. Ne4 dxe5 17. fxe5 Bf5 18. N2c3 Rd8 19. Qf2 f6 20. exf6 Nxf6 21. Ng5 Ne6 22. Nxe6 Qxe6 23. Qe2 Rbc8 24. Bf2 Qd7 25. Rd1 Rf8 26. d5 c5 27. Qe3 b6 28. Ne2 Kh7 29. Ng1 Bg4 30. Nf3 Bh6 31. Qe2 Bf5 32. g4 hxg4 33. Ne5 Qd6 34. hxg4 Bc2 35. Rc1 Be4 36. Bxe4 Kg7 37. Rxh6 Kxh6 38. g5+ Kg7 39. gxf6+ exf6 40. Nxg6 f5 41. Nxf8 1-0

[Event "XIII Closed IM BCC 2021"]
[Site "Barcelona"]
[Date "2021.04.06"]
[Round "2.5"]
[White "Martin Barcelo, Carles"]
[Black "Martinez Fernandez, Adrian"]
[Result "1/2-1/2"]
[WhiteElo "2201"]
[BlackElo "2369"]
[Annotator "ChessBase"]
[PlyCount "59"]
[EventDate "2021.04.05"]
[EventType "tourn"]
[EventCountry "ESP"]
[SourceTitle "playchess.com"]
[Source "ChessBase"]
[SourceQuality "1"]
[TimeControl "5400+30"]

1. e4 {[%emt 0:00:55]} c6 {[%emt 0:00:00]} 2. d4 {[%emt 0:01:34]} g6 {[%emt 0:00:00]} 3. Nf3 {[%emt 0:03:25]} Bg7 {[%emt 0:00:16]} 4. Bd3 {[%emt 0:02:08]} d6 {[%emt 0:03:58]} 5. c3 {[%emt 0:02:43]} Nf6 {[%emt 0:01:39]} 6. O-O {[%emt 0:01:14]} O-O {[%emt 0:00:07]} 7. h3 {[%emt 0:03:12]} Nbd7 {[%emt 0:04:34]} 8. a4 {[%emt 0:02:30]} e5 {[%emt 0:01:20]} 9. dxe5 {[%emt 0:03:39]} dxe5 {[%emt 0:00:16]} 10. Qe2 {[%emt 0:01:54]} Qe7 {[%emt 0:11:51]} 11. b3 {[%emt 0:05:23]} Nh5 {[%emt 0:10:45]} 12. Ba3 {[%emt 0:04:28]} c5 {[%emt 0:08:43]} 13. Qc2 {[%emt 0:12:10]} Nf4 {[%emt 0:00:57]} 14. Re1 {[%emt 0:00:51]} Nxd3 {[%emt 0:13:07]} 15. Qxd3 {[%emt 0:00:07]} Nf6 {[%emt 0:00:04]} 16. c4 {[%emt 0:05:59]} b6 {[%emt 0:06:08]} 17. Nc3 {[%emt 0:07:06]} Rd8 {[%emt 0:01:56]} 18. Qc2 {[%emt 0:02:12]} a5 {[%emt 0:08:45]} 19. Bb2 {[%emt 0:01:50]} Bb7 {[%emt 0:01:13]} 20. Nd5 {[%emt 0:07:31]} Bxd5 {[%emt 0:00:16]} 21. cxd5 {[%emt 0:02:23]} Nd7 {[%emt 0:02:43]} 22. Nd2 {[%emt 0:00:14]} Rf8 {[%emt 0:00:37]} 23. Nc4 {[%emt 0:01:14]} f5 {[%emt 0:02:24]} 24. exf5 {[%emt 0:06:14]} Rxf5 {[%emt 0:01:44]} 25. Re2 {[%emt 0:01:30]} Raf8 {[%emt 0:02:32]} 26. Rae1 {[%emt 0:00:29]} Qh4 {[%emt 0:01:01]} 27. Bc3 {[%emt 0:04:55]} Rg5 {[%emt 0:02:41]} 28. Bd2 {[%emt 0:06:26]} Rgf5 {[%emt 0:01:18]} 29. Bc3 {[%emt 0:03:34]} Rg5 {[%emt 0:00:10]} 30. Bd2 {[%emt 0:04:30]} 1/2-1/2

[Event "XIII Closed IM BCC 2021"]
[Site "Barcelona"]
[Date "2021.04.07"]
[Round "3.1"]
[White "Martinez Fernandez, Adrian"]
[Black "Rodriguez Garcia, Yuliesky"]
[Result "1-0"]
[WhiteElo "2369"]
[BlackElo "2175"]
[Annotator "TA"]
[PlyCount "129"]
[EventDate "2021.04.05"]
[EventType "tourn"]
[EventCountry "ESP"]
[SourceTitle "playchess.com"]
[Source "ChessBase"]
[SourceQuality "1"]

{[%evp 24,129,53,60,114,108,102,97,81,95,102,13,27,16,16,8,43,28,142,140,217,169,155,158,212,148,149,149,145,150,156,145,151,161,228,206,204,179,185,182,184,173,186,185,186,176,175,154,143,85,78,52,60,45,166,166,152,140,253,252,479,469,689,527,1236,1243,1326,1667,1667,1468,1572,1556,1119,1110,3369,2916,4133,4133,4133,2505,2304,2027,1747,0,1133,0,960,668,635,632,29970,29972,29983,29981,29985,29986,29986,29986,29986,4602,29987,29988,29996,29997,29997,29998,29998,29999]} 1. e4 c5 2. Nf3 d6 3. d4 cxd4 4. Nxd4 Nf6 5. Nc3 g6 6. Be3 Bg7 7. f3 O-O 8. Qd2 Nc6 {[%cal Bb8c6,Bc6d4,Bd4f5][%mdl 32]} 9. O-O-O d5 10. Kb1 Nxd4 11. e5 Nf5 12. exf6 Bxf6 13. Nxd5 Qxd5 {B76: Sicilian Dragon: Yugoslav Attack, 9 g4 and 9 0-0-0.} 14. Qxd5 $16 Nxe3 15. Qd3 Nxd1 {White is better.} 16. Qxd1 Bf5 17. Bb5 (17. Bc4 $16) 17... Rac8 18. Ba4 {[#]} Rfd8 $146 ({Predecessor:} 18... Rc4 19. Bb3 Rd4 20. Qe1 Rfd8 21. a3 h5 22. g3 Rd2 23. Qe3 b6 24. Kc1 Rg2 {½-½ (70) Utiyama,M (2120)-Ferreira,E (2096) Parana 2011}) 19. Qc1 Rd4 20. Bb3 Rcd8 (20... h5 $11 {remains equal.}) 21. g4 Bg5 (21... Bd7 $16) 22. Qf1 ({Worse is} 22. Qxg5 Rd1+ 23. Rxd1 Rxd1+ 24. Qc1 Rxc1+ 25. Kxc1 Bd7 $11) ({But not} 22. Bxf7+ $2 Kxf7 23. Qe1 Be6 $19) 22... Bd7 23. c3 Rf4 (23... Rd3 $16 {was worth a try.}) 24. h4 Bf6 {and if ...Bxg4 works, Black does fine.} 25. g5 Bg7 26. Qe2 Bc6 27. Rh3 e5 28. Bc2 e4 (28... f5 {keeps fighting.} 29. gxf6 Bxf6) 29. Bxe4 Re8 30. Qe3 {[%mdl 64] [#] Double Attack} Bxe4+ 31. Kc1 Be5 {Strongly threatening ...Bf5.} 32. fxe4 b6 33. Rh1 Bb8 34. Qh3 Rfxe4 35. h5 {Hoping for hxg6.} Re3 {[#]} 36. Qd7 (36. Qf1 $142 $1) 36... R3e7 37. Qd4 (37. Qa4 {is interesting.} Re4 38. b4 a5 39. Kc2 Bf4 40. Qb5) 37... Re4 $1 {[%cal Re4d4]} 38. Qf6 $40 {[%mdl 128] aiming for hxg6. Black needs to defend precisely.} R4e6 {White stays focused until the end.} ({Better is} 38... Be5 $14 39. Qc6 Bf4+ {[%mdl 64] Double Attack} 40. Kc2 Bxg5) 39. Qf1 $18 gxh5 40. Kc2 a5 (40... Re2+ $16 41. Kb3 Rh2) 41. Rxh5 Re2+ $2 (41... a4 {was called for.} 42. Rh1 Re2+ 43. Kb1 Bh2) 42. Kb3 b5 (42... Rh2 $142) 43. a3 b4 44. Qf5 bxc3 45. Qxh7+ Kf8 46. Qh8+ Ke7 47. Qf6+ Kd7 48. Qxf7+ R8e7 49. Qd5+ Bd6 50. Qb5+ Kc7 51. Qxa5+ {[%mdl 64] Double Attack} Kb7 52. Qd5+ Kc7 53. Qa5+ Kb7 $1 54. Qd5+ Kc7 55. Rh6 Rxb2+ 56. Kxc3 Be5+ 57. Kc4 Rc2+ 58. Kb5 Rb2+ 59. Ka6 Kc8 60. Qc5+ Kd7 61. Qc6+ Kd8 62. Rg6 {White mates.} Reb7 63. Rg8+ Ke7 64. Re8+ Kf7 65. Qe6+ {[%mdl 64] Double Attack.  Weighted Error Value: White=0.50/Black=0.60} 1-0